Firmu treba hnať stále dopredu

Bibliographic Details
Format: Article
Language:Slovak
PhysicalDescription:Fotogr.
Subjects:

MARC

LEADER 00000nab a2200000 ar4500
001 vtls009294490
003 SK-MaSNL
005 20260303052820.0
008 080515c2007 xo mr|p|||||||000 b|slo
038 |a SNSK 
040 |b slo  |c SNSK  |e AACR2 
041 |a slo 
044 |a xo  |c SK 
080 |a 692.415  |2 2001 
080 |a 691.7  |2 2001 
245 0 0 |a Firmu treba hnať stále dopredu  |c [autor](asa) 
300 |b Fotogr. 
610 2 7 |a ROVA-SK (Spišská Nová Ves, Slovensko)  |2 snsk  |9 1044477 
650 0 7 |a strešné krytiny  |2 snsk  |9 1611 
650 0 7 |a plechové strešné krytiny  |2 snsk  |9 1044478 
651 7 |a Spišská Nová Ves (Slovensko)  |2 snsk  |9 28800 
773 0 |t Spišské hlasy  |g Roč. VIII. č. 6 (2007), s. 5. 
852 |a SNSK  |b KIS3GCP 
999 |c 1716721  |d 1718651